| 000 | 00511nam a2200145 a 4500 | ||
|---|---|---|---|
| 008 | 120416s1978 ||||||||||||||||| || u | ||
| 050 | _aHM 26 Luc | ||
| 100 | _aLuckmann, Thomas | ||
| 245 | 1 | 0 |
_aPhenomenology and sociology _cedited by Thomas Luckmann |
| 246 | _aselected readings | ||
| 260 |
_aHarmondsworth _bPenguin _c1978 |
||
| 300 | _a390p. | ||
| 350 | _a0.00 | ||
| 995 |
_D0.00 _FCBU-MAIN LIBRARY (Kitwe) _H1 _I0.00 _M1 _UDAMAGED _ZMain Library Open Access Collection |
||
| 999 |
_c53474 _d53474 |
||